[Event "Deltalift Open 2012"]
[Site "Tylosand"]
[Date "2012.05.19"]
[Round "7.22"]
[White "Kallerholm, Par"]
[Black "Persson, Andreas"]
[Result "0-1"]
[WhiteElo "2012"]
[BlackElo "2094"]
[EventDate "2012.05.17"]

1.d4 d6 2.Nc3 g6 3.e4 Nf6 4.f4 Bg7 5.Bc4 O-O 6.e5 Nfd7 7.e6 Nb6 8.exf7+ 
Kh8 9.Bb3 Nc6 10.Be3 Na5 11.h4 Nac4 12.Qe2 Nxe3 13.Qxe3 Bg4 14.Nh3 Qd7 15.
Ng5 d5 16.h5 gxh5 17.Ne2 Nc4 18.Bxc4 dxc4 19.O-O-O h6 20.Rxh5 Bxh5 21.Rh1 
Bxf7 22.Ng3 Qxd4 23.Rxh6+ Kg8 24.Qxd4 Bxd4 25.Nf5 Bf6 26.Nh7 Rfd8 27.g4 
Rd5 28.Ne3 Rd4 29.g5 Bg7 30.Rh4 Bg6 0-1

[Event "Deltalift Open 2012"]
[Site "Tylosand"]
[Date "2012.05.19"]
[Round "7.25"]
[White "Jonsson, Krister"]
[Black "Olsson, Henrik"]
[Result "1-0"]
[WhiteElo "2109"]
[BlackElo "1777"]
[EventDate "2012.05.17"]

1.d4 Nf6 2.c4 e6 3.Nf3 c5 4.d5 exd5 5.cxd5 d6 6.Nc3 g6 7.e4 a6 8.a4 Bg4 9.
Bg5 Bg7 10.Qb3 Bxf3 11.gxf3 Qc7 12.Be2 O-O 13.f4 Re8 14.f3 Nh5 15.f5 Be5 
16.O-O-O Nd7 17.Kb1 Reb8 18.h4 b5 19.axb5 axb5 20.fxg6 hxg6 21.f4 Nxf4 22.
h5 Nxe2 23.Nxe2 f6 24.Qh3 Qa5 25.Qe6+ Kf8 26.Bh6# 1-0

[Event "Deltalift Open 2012"]
[Site "Tylosand"]
[Date "2012.05.19"]
[Round "7.27"]
[White "Bengtsson, Jessica"]
[Black "Eriksson, Kristian"]
[Result "1/2-1/2"]
[WhiteElo "1865"]
[BlackElo "2087"]
[EventDate "2012.05.17"]

1.e4 e5 2.Nf3 Nc6 3.Bb5 a6 4.Bxc6 dxc6 5.O-O f6 6.d4 exd4 7.Nxd4 Bd6 8.Be3
Ne7 9.Qe2 O-O 10.Nd2 Ng6 11.Nc4 Qe7 12.f3 Bd7 13.Rad1 Rad8 14.Rfe1 Rfe8 
15.Qf2 Ne5 1/2-1/2

[Event "Deltalift Open 2012"]
[Site "Tylosand"]
[Date "2012.05.19"]
[Round "7.28"]
[White "Mattsson, Michael"]
[Black "Sandstrom, Anders"]
[Result "1/2-1/2"]
[WhiteElo "2068"]
[BlackElo "1999"]
[EventDate "2012.05.17"]

1.e4 c5 2.b3 d6 3.Bb2 Nd7 4.Nc3 Ngf6 5.a4 g6 6.f4 Bg7 7.Qf3 O-O 8.Bd3 a6 
9.Nge2 Rb8 10.a5 b5 11.axb6 Nxb6 12.Bxa6 Bg4 13.Qd3 d5 14.e5 Bf5 15.exf6 
Bxd3 16.fxg7 Re8 17.cxd3 e5 18.O-O f5 19.Bb5 Re7 20.Na4 Nxa4 21.bxa4 d4 
22.Ba3 Kxg7 23.Bxc5 Rc7 24.Bb4 Qf6 25.Rac1 Rbc8 26.Rxc7+ Rxc7 27.Bc4 Rxc4 
28.dxc4 d3 29.c5 dxe2 30.Re1 Qa6 31.Bc3 Qxa4 32.fxe5 Qc4 33.Kf2 Qxc5+ 34.
Kxe2 Qc4+ 35.Kf2 Qh4+ 36.Kf1 Qxh2 37.e6+ Kf8 38.e7+ Ke8 39.Re2 Qh1+ 40.Kf2
Qh4+ 41.Kg1 f4 42.d4 Qg3 43.Bb2 f3 44.Rf2 fxg2 45.Rxg2 Qe1+ 46.Kh2 Qh4+ 
47.Kg1 Qe1+ 1/2-1/2

[Event "Deltalift Open 2012"]
[Site "Tylosand"]
[Date "2012.05.19"]
[Round "7.31"]
[White "Radberg, John"]
[Black "Johansson, Mikael"]
[Result "1-0"]
[WhiteElo "1798"]
[BlackElo "2094"]
[EventDate "2012.05.17"]

1.d4 f5 2.Nf3 g6 3.h4 Nf6 4.h5 Nxh5 5.Rxh5 gxh5 6.e4 Bg7 7.Nh4 e6 8.Qxh5+ 
Kf8 9.exf5 Qf6 10.c3 Nc6 11.Bg5 Qf7 12.Qf3 d6 13.f6 1-0

[Event "Deltalift Open 2012"]
[Site "Tylosand"]
[Date "2012.05.19"]
[Round "7.32"]
[White "Svensson, Mikael"]
[Black "Olsson, Tomas"]
[Result "1-0"]
[WhiteElo "2049"]
[BlackElo "1992"]
[EventDate "2012.05.17"]

1.e4 e5 2.Nc3 Nf6 3.g3 Bc5 4.Bg2 Nc6 5.Nge2 a6 6.O-O d6 7.d3 Be6 8.Nd5 Ng8
9.h3 Nd4 10.c3 Nxe2+ 11.Qxe2 c6 12.Ne3 Ne7 13.Kh2 O-O 14.f4 f6 15.f5 Bf7 
16.g4 d5 17.h4 d4 18.Nd1 dxc3 19.bxc3 Kh8 20.Rf3 Ng8 21.Rg3 Be7 22.Nf2 c5 
23.g5 Qe8 24.Bf3 Rc8 25.c4 b5 26.Be3 g6 27.fxg6 hxg6 28.Rag1 Kg7 29.h5 
fxg5 30.Bxg5 Bd6 31.hxg6 Be6 32.Bg4 Bxg4 33.Qxg4 Qxg6 34.Bh6+ 1-0

[Event "Deltalift Open 2012"]
[Site "Tylosand"]
[Date "2012.05.19"]
[Round "7.50"]
[White "Hansen, Anders"]
[Black "Andersson, Thorbjorn"]
[Result "0-1"]
[WhiteElo "1714"]
[BlackElo "1958"]
[EventDate "2012.05.17"]

1.b3 e5 2.Bb2 Nc6 3.e3 d5 4.Bb5 Bd6 5.f4 Qe7 6.Nf3 f6 7.fxe5 fxe5 8.O-O 
Nf6 9.c4 Bg4 10.cxd5 Nxd5 11.Bxc6+ bxc6 12.Qc1 O-O 13.Qxc6 Nb4 14.Qa4 Bd7 
15.Qa5 e4 16.Nc3 exf3 17.Rxf3 Rxf3 18.Nd5 Qh4 19.Nf4 0-1

[Event "Deltalift Open 2012"]
[Site "Tylosand"]
[Date "2012.05.19"]
[Round "8.10"]
[White "Rosell, Tomas"]
[Black "Kumar, Rahul"]
[Result "1/2-1/2"]
[WhiteElo "2126"]
[BlackElo "2144"]
[EventDate "2012.05.17"]

1.e4 g6 2.d4 Bg7 3.Nc3 d6 4.Bc4 e6 5.Be3 a6 6.a4 c6 7.Ba2 d5 8.f3 Nd7 9.
Qd2 h6 10.Nge2 Ne7 11.Nf4 Nf6 12.O-O O-O 13.Kh1 Kh7 14.b4 b5 15.Qd3 Nfg8 
16.e5 Bd7 17.a5 Nf5 18.Bf2 f6 19.exf6 Qxf6 20.Nce2 Rae8 21.Rae1 Qf7 22.c3 
e5 23.dxe5 Bxe5 24.Bb1 Nfe7 25.Bg3 Bf5 26.Qd1 Bxb1 27.Qxb1 Nf5 28.Bf2 
1/2-1/2

[Event "Deltalift Open 2012"]
[Site "Tylosand"]
[Date "2012.05.19"]
[Round "8.14"]
[White "Wiander, Michael"]
[Black "Lindh, Fredrik"]
[Result "0-1"]
[WhiteElo "2152"]
[BlackElo "2216"]
[EventDate "2012.05.17"]

1.e4 c5 2.d3 Nc6 3.g3 e6 4.Bg2 g6 5.f4 Bg7 6.Nf3 Nge7 7.O-O d5 8.Nbd2 O-O 
9.Re1 Rb8 10.e5 Qc7 11.Nf1 b5 12.Qe2 a5 13.Qf2 Qb6 14.h3 Nf5 15.g4 Nfd4 
16.Nxd4 cxd4 17.g5 Ne7 18.Bf3 Nf5 19.Bg4 a4 20.Nh2 b4 21.Bxf5 gxf5 22.Nf3 
b3 23.Qxd4 bxc2 24.Re3 Ba6 25.Qxb6 Rxb6 26.Ne1 Rc8 27.d4 Bf8 28.Rc3 Rxc3 
29.bxc3 Bd3 30.Nxd3 Rb1 31.Kf2 Rxa1 32.Ke2 Rxa2 33.Nb4 Bxb4 34.cxb4 Ra1 
35.Kd2 Rb1 0-1

[Event "Deltalift Open 2012"]
[Site "Tylosand"]
[Date "2012.05.19"]
[Round "8.16"]
[White "Karlsson, Jorgen"]
[Black "Jonsson, Krister"]
[Result "0-1"]
[WhiteElo "2175"]
[BlackElo "2109"]
[EventDate "2012.05.17"]

1.Nf3 d5 2.g3 g6 3.Bg2 Bg7 4.O-O Nf6 5.d4 O-O 6.Ne5 c5 7.dxc5 Qc7 8.Nd3 
Ne4 9.Nd2 Bf5 10.Nb3 Na6 11.Be3 e5 12.c3 Rfd8 13.f3 Nf6 14.Rc1 Rac8 15.g4 
Be6 16.Bg5 Rd7 17.Qd2 Nb8 18.Bh4 Nc6 19.Bg3 Ne8 20.g5 Qd8 21.Nf2 a5 22.a4 
d4 23.c4 f5 24.gxf6 Nxf6 25.Bh4 Qf8 26.Nd3 Ra8 27.Bg5 Bf5 28.Nf2 h6 29.
Bxf6 Bxf6 30.f4 Kh7 31.Bxc6 bxc6 32.Nxa5 Qxc5 33.b4 Qd6 34.c5 Qd5 35.b5 g5
36.Nxc6 gxf4 37.Nb4 Rg8+ 0-1

[Event "Deltalift Open 2012"]
[Site "Tylosand"]
[Date "2012.05.19"]
[Round "8.20"]
[White "Bengtsson, Tage"]
[Black "Reid, Gregor"]
[Result "1/2-1/2"]
[WhiteElo "2078"]
[BlackElo "2139"]
[EventDate "2012.05.17"]

1.d4 Nf6 2.c4 c5 3.Nf3 cxd4 4.Nxd4 e5 5.Nb5 d5 6.cxd5 a6 7.N5c3 Bc5 8.e3 
O-O 9.Nd2 Nxd5 10.Nde4 Nxc3 11.Qxd8 Rxd8 12.Nxc3 Nc6 13.Bc4 Nb4 14.O-O b5 
15.Bb3 Nd3 16.Bd5 Rb8 17.Rd1 Bf5 18.Be4 Bxe4 19.Nxe4 Be7 20.f3 f5 21.Ng3 
g6 22.Rb1 Rbc8 23.Ne2 Nxc1 24.Rxd8+ Rxd8 25.Nxc1 Bc5 26.Nb3 Bxe3+ 27.Kf1 
a5 28.Re1 Bb6 29.Rxe5 a4 30.Nc1 Bc7 31.Rc5 Bxh2 32.Ke2 Bf4 33.Nd3 Re8+ 34.
Kd1 Rd8 35.Ke2 Bh6 36.Rxb5 Re8+ 37.Re5 Rc8 1/2-1/2

[Event "Deltalift Open 2012"]
[Site "Tylosand"]
[Date "2012.05.19"]
[Round "8.26"]
[White "Astrom, Lars"]
[Black "Nilsson, Weine"]
[Result "0-1"]
[WhiteElo "1934"]
[BlackElo "1979"]
[EventDate "2012.05.17"]

1.e4 c5 2.c3 d5 3.exd5 Qxd5 4.d4 Nf6 5.Nf3 Bg4 6.Be2 cxd4 7.cxd4 e6 8.O-O 
Nc6 9.h3 Bf5 10.Nc3 Qa5 11.Re1 Rd8 12.Be3 Be7 13.a3 Nd5 14.Qd2 Nxe3 15.
fxe3 O-O 16.b4 Qc7 17.Rac1 Qg3 18.Bd1 Bxh3 19.Ne4 Qg6 20.Bc2 Bf5 21.Nc5 
Bxc5 22.bxc5 Bxc2 23.Qxc2 f5 24.Rb1 Rf7 25.e4 Nxd4 26.Nxd4 Rxd4 27.exf5 
Rxf5 28.Rxb7 h6 29.Qe2 e5 30.Qa2+ Kh7 31.Rb8 Rf7 32.c6 Qg3 33.Qb1+ g6 34.
Rb7 Qf2+ 0-1

[Event "Deltalift Open 2012"]
[Site "Tylosand"]
[Date "2012.05.19"]
[Round "8.29"]
[White "Svensson, Anders"]
[Black "Radberg, John"]
[Result "1-0"]
[WhiteElo "2098"]
[BlackElo "1798"]
[EventDate "2012.05.17"]

1.e4 c6 2.d4 d5 3.Nc3 dxe4 4.Nxe4 Nd7 5.Nf3 Ngf6 6.Ng3 e6 7.Bd3 c5 8.O-O 
Be7 9.b3 O-O 10.Bb2 b6 11.c4 Bb7 12.Re1 cxd4 13.Nxd4 Nc5 14.Bc2 Qd7 15.Qe2
Rad8 16.Rad1 Qc7 17.Ndf5 exf5 18.Qxe7 Qb8 19.Nxf5 Rxd1 20.Rxd1 Re8 21.Nh6+
Kh8 22.Qxf6 gxf6 23.Bxf6# 1-0

[Event "Deltalift Open 2012"]
[Site "Tylosand"]
[Date "2012.05.19"]
[Round "8.34"]
[White "Sandstrom, Anders"]
[Black "Gutzmann, Tobias"]
[Result "0-1"]
[WhiteElo "1999"]
[BlackElo "2076"]
[EventDate "2012.05.17"]

1.Nf3 Nf6 2.c4 e6 3.g3 d5 4.d4 dxc4 5.Bg2 Nbd7 6.Qa4 a6 7.Qxc4 b5 8.Qc2 
Bb7 9.Bf4 c5 10.dxc5 Bxc5 11.Nbd2 Rc8 12.Qb1 e5 13.Bg5 h6 14.Bxf6 Nxf6 15.
e3 Bb4 16.Rg1 Bxf3 0-1

[Event "Deltalift Open 2012"]
[Site "Tylosand"]
[Date "2012.05.19"]
[Round "8.35"]
[White "Olsson, Henrik"]
[Black "Kallerholm, Par"]
[Result "1-0"]
[WhiteElo "1777"]
[BlackElo "2012"]
[EventDate "2012.05.17"]

1.e4 g6 2.d4 Bg7 3.Nc3 d6 4.f4 Nc6 5.Nf3 Bg4 6.Be3 e5 7.dxe5 dxe5 8.Bb5 
Ne7 9.Qxd8+ Rxd8 10.Nxe5 Bxe5 11.fxe5 O-O 12.Bh6 Rfe8 13.Bg5 Rd4 14.O-O 
Be6 15.Rad1 Rxd1 16.Rxd1 a6 17.Bxe7 Rxe7 18.Bxc6 bxc6 19.Rd8+ Kg7 20.Kf2 
f5 21.exf6+ Kxf6 22.Ra8 Ke5 23.Rxa6 Rf7+ 24.Ke3 Bc4 25.Rxc6 Bf1 26.Rc5+ 
Kd6 27.Rd5+ Ke6 28.Rd2 Ba6 29.a4 Rf1 30.b4 Re1+ 31.Kf3 h5 32.b5 Bb7 33.a5 
g5 34.a6 Ba8 35.Rd8 g4+ 36.Kf2 g3+ 37.hxg3 1-0

[Event "Deltalift Open 2012"]
[Site "Tylosand"]
[Date "2012.05.19"]
[Round "8.44"]
[White "Olsson, Tomas"]
[Black "Andersson, Jan"]
[Result "1-0"]
[WhiteElo "1992"]
[BlackElo "1816"]
[EventDate "2012.05.17"]

1.e4 e6 2.d4 d5 3.Nc3 Bb4 4.e5 Ne7 5.Bd2 c5 6.Nb5 Bxd2+ 7.Qxd2 O-O 8.dxc5 
Nbc6 9.f4 Nf5 10.Nf3 a6 11.Nd6 Nxd6 12.cxd6 f6 13.O-O-O fxe5 14.fxe5 Qb6 
15.Kb1 Bd7 16.Bd3 Nb4 17.Rhf1 Rac8 18.Ng5 h6 19.Bh7+ Kh8 20.Bg6 Nxc2 21.
Bxc2 hxg5 22.Qxg5 Rxc2 23.Rxf8+ 1-0

[Event "Deltalift Open 2012"]
[Site "Tylosand"]
[Date "2012.05.19"]
[Round "8.1"]
[White "Berg, Emanuel"]
[Black "Tikkanen, Hans"]
[Result "1-0"]
[WhiteElo "2587"]
[BlackElo "2566"]

1.e4 e6 2.d4 d5 3.Nc3 Nf6 4.Bg5 Bb4 5.e5 h6 6.Be3 Ne4 7.Qg4 g6 8.a3 Bxc3+ 
9.bxc3 c5 10.Bd3 h5 11.Qf4 g5 12.Qf3 Nxc3 13.dxc5 Nc6 14.Qg3 Qa5 15.Bd2 
Qxc5 16.Nf3 g4 17.Ng5 Qd4 18.Qf4 Qxf4 19.Bxf4 d4 20.h3 Rg8 21.Nh7 Nd5 22.
Bg3 Bd7 23.hxg4 hxg4 24.Be4 O-O-O 25.Bh4 Nc3 26.Bxc6 Bxc6 27.Bxd8 Kxd8 28.
Nf6 Rg5 29.Rh5 Rxh5 30.Nxh5 Bxg2 31.Kd2 Ne4+ 32.Kd3 Nxf2+ 33.Kxd4 Nh3 34.
a4 a5 35.Nf6 Bf3 36.Ke3 Kc7 37.Ra3 Kb6 38.Rb3+ Kc5 39.Rb5+ Kc4 40.Rxa5 Ng1
41.Ra8 g3 42.Rg8 g2 43.Ne4 Kb4 44.Nd2 Bc6 45.Rg4+ Ka3 46.Ne4 Ne2 47.Kxe2 
Bxe4 48.Kf2 Bd5 49.a5 Bc6 50.Rf4 Kb2 51.Rxf7 Bd5 52.c4 Be4 53.Rf4 Bc6 54.
Rf6 Kc3 55.Rxe6 Be4 56.Rb6 1-0

[Event "Deltalift Open 2012"]
[Site "Tylosand"]
[Date "2012.05.19"]
[Round "8.2"]
[White "Hillarp Persson, Tiger"]
[Black "Ziegler, Ari"]
[Result "1/2-1/2"]
[WhiteElo "2578"]
[BlackElo "2358"]

1.g3 g6 2.Bg2 Bg7 3.e4 c5 4.Nc3 Nc6 5.d3 d6 6.Be3 e6 7.Qd2 Qa5 8.Nge2 Nd4 
9.O-O Nxe2+ 10.Qxe2 Ne7 11.f4 O-O 12.g4 f5 13.gxf5 exf5 14.h4 Bd7 15.h5 
Rae8 16.Qd2 Bc6 17.Rae1 Qb4 18.Nd1 Qxd2 19.Bxd2 gxh5 20.Ne3 Bd4 21.c3 
Bxe3+ 22.Bxe3 Ng6 23.Bc1 Nh4 24.Bh1 c4 25.dxc4 fxe4 26.Kf2 Kf7 27.Be3 b6 
28.Rd1 Nf5 29.Rg1 Rg8 30.Rg5 Rxg5 31.fxg5 Kg6 32.Bg2 Rf8 33.Ke2 Ba8 34.Bf4
h4 35.Bh3 Nd4+ 36.cxd4 Rxf4 37.d5 Rf3 38.Bg2 Rf4 39.Ke3 Kxg5 40.Bxe4 h5 
41.Bf3 Rxc4 42.Rg1+ Rg4 43.Rc1 Rg3 44.Kf2 Rxf3+ 45.Kxf3 Bxd5+ 46.Kf2 Bxa2 
47.Ra1 Bc4 48.Rxa7 b5 49.Rg7+ Kf4 50.Rh7 Kg4 51.Rg7+ Kf4 52.Rh7 1/2-1/2

[Event "Deltalift Open 2012"]
[Site "Tylosand"]
[Date "2012.05.19"]
[Round "8.3"]
[White "Lind, Jan-Olov"]
[Black "Brynell, Stellan"]
[Result "0-1"]
[WhiteElo "2201"]
[BlackElo "2489"]

1.e4 e6 2.Nf3 c5 3.d3 d5 4.Nbd2 Nf6 5.g3 g6 6.Bg2 Bg7 7.O-O O-O 8.c3 Nc6 
9.Re1 b6 10.a3 a5 11.e5 Nd7 12.d4 f6 13.exf6 Qxf6 14.Qa4 Bb7 15.Nb3 c4 16.
Bg5 Qf5 17.Nbd2 e5 18.Be3 exd4 19.cxd4 Nd8 20.h4 b5 21.Qd1 Ne6 22.Ng5 Nxg5
23.hxg5 Nb8 24.a4 Qd7 25.axb5 Qxb5 26.Qg4 Rf5 27.Ra2 Nc6 28.Nb1 Nb4 29.Nc3
Qd7 30.Qh4 Nxa2 31.Nxa2 Rf7 32.Nc3 Re7 33.Ra1 Bc6 34.Qh1 Rb8 35.Nxd5 Bxd5 
36.Bxd5+ Kh8 37.Bxc4 Bxd4 38.Bxd4+ Qxd4 39.Qc6 Rf8 40.Rf1 Qxb2 41.Qc5 Qe5 
42.Qxe5+ Rxe5 43.f4 Rc5 44.Ba2 Rfc8 45.Be6 R8c6 46.Bd7 Rc7 47.Rd1 Rc1 48.
Rxc1 Rxc1+ 49.Kf2 Ra1 50.Ke3 a4 51.Kd4 Rd1+ 0-1

[Event "Deltalift Open 2012"]
[Site "Tylosand"]
[Date "2012.05.19"]
[Round "8.4"]
[White "Arnelind, Mikael"]
[Black "Mohammadi, Amir"]
[Result "0-1"]
[WhiteElo "2182"]
[BlackElo "2203"]

1.d4 f5 2.Nc3 Nf6 3.Bg5 d5 4.Bxf6 exf6 5.e3 Be6 6.Qf3 Qd7 7.Bb5 Nc6 8.Nge2
O-O-O 9.Nf4 g6 10.a3 Kb8 11.Nd3 g5 12.Nb4 Bxb4 13.axb4 f4 14.Bxc6 Qxc6 15.
exf4 Qc4 16.O-O-O Qxb4 17.Rhe1 g4 18.Qd3 Qd6 19.g3 Qd7 20.Re3 a6 21.Rde1 
Bf5 22.Qe2 Qc6 23.Re7 h5 24.Qd2 b5 25.Na2 a5 26.R7e3 b4 27.Kb1 Qa4 28.Nc1 
Rd6 29.Nb3 Rc6 30.Nc5 Qb5 31.Re8+ Rxe8 32.Rxe8+ Ka7 33.Qe2 Rxc5 34.dxc5 
Qxc5 35.b3 a4 36.Re6 Bxe6 37.Qxe6 a3 38.Qxf6 Qxf2 39.Qe5 Qg1+ 40.Ka2 Qc5 
41.Kb1 Qg1+ 42.Ka2 Qc5 43.Kb1 Kb7 44.Qe2 d4 45.Qe4+ Kb6 46.Qe6+ Qc6 47.Qg8
Ka7 48.Qg5 a2+ 49.Kxa2 Qxc2+ 50.Ka1 Qc1+ 51.Ka2 Qa3+ 52.Kb1 Qxb3+ 53.Ka1 
Qc3+ 54.Kb1 b3 55.Qf6 Qc2+ 56.Ka1 Qa2# 0-1

[Event "Deltalift Open 2012"]
[Site "Tylosand"]
[Date "2012.05.19"]
[Round "8.5"]
[White "Lundstedt, Peter"]
[Black "Lindgren, Philip"]
[Result "1/2-1/2"]
[WhiteElo "2200"]
[BlackElo "2230"]

1.Nf3 d5 2.d4 Nf6 3.c4 c6 4.Qc2 dxc4 5.Qxc4 Bf5 6.g3 Nbd7 7.Bg2 e6 8.O-O 
Be7 9.Nc3 O-O 10.e3 Ne4 11.Nd2 Nxd2 12.Bxd2 e5 13.e4 exd4 14.Qxd4 Be6 15.
Bf4 Nb6 16.Qxd8 Rfxd8 17.Rfd1 Nc4 18.b3 Bf6 19.Rac1 Nb2 20.Rxd8+ Rxd8 21.
Ne2 Nd3 22.Rd1 Nb4 23.Rxd8+ Bxd8 24.Nc1 Bb6 25.Bd6 Nc2 26.Nd3 Nd4 27.Kf1 
Nb5 28.Be5 f6 29.Bb2 Kf7 1/2-1/2

[Event "Deltalift Open 2012"]
[Site "Tylosand"]
[Date "2012.05.19"]
[Round "8.6"]
[White "Hector, Jonny"]
[Black "Naslund, Mikael"]
[Result "1-0"]
[WhiteElo "2560"]
[BlackElo "2143"]

1.e4 c5 2.Nf3 e6 3.Nc3 a6 4.d4 cxd4 5.Nxd4 Qc7 6.Bd3 Nf6 7.Qe2 b5 8.e5 b4 
9.Ncb5 axb5 10.exf6 gxf6 11.Nxb5 Qb6 12.Be3 Bc5 13.Qf3 Bxe3 14.fxe3 Ra5 
15.Qxf6 Rf8 16.Qg5 f6 17.Nd6+ Kd8 18.Qf4 e5 19.Nxc8 Kxc8 20.Qh6 Rf7 21.O-O
Nc6 22.Bxh7 e4 23.Bxe4 Ne5 24.Qf4 d5 25.Bf5+ Kb7 26.Qd4 1-0

[Event "Deltalift Open 2012"]
[Site "Tylosand"]
[Date "2012.05.19"]
[Round "8.7"]
[White "Svensson, Leif"]
[Black "Aberg, Anton"]
[Result "0-1"]
[WhiteElo "2136"]
[BlackElo "2367"]

1.d4 d5 2.Nc3 e6 3.e4 Bb4 4.a3 Bxc3+ 5.bxc3 dxe4 6.f3 b6 7.Nh3 Bb7 8.fxe4 
Bxe4 9.Ng5 Bg6 10.Bb5+ c6 11.Bc4 Nf6 12.O-O O-O 13.Nf3 Nbd7 14.Qe2 Ne4 15.
Bb2 Nd6 16.Bb3 c5 17.a4 Qc7 18.c4 cxd4 19.Nxd4 Ne4 20.Nb5 Qc5+ 21.Kh1 a6 
22.Ba3 Qe5 23.Qd1 Ndc5 24.Nd4 Rad8 25.Nc6 Qg5 26.Nxd8 Rxd8 27.Bc1 Rxd1 28.
Bxg5 Rxf1+ 29.Rxf1 Nxg5 30.Rd1 Kf8 31.Rd6 Ke7 32.Rxb6 e5 33.Kg1 Be4 34.Kf2
Bb7 35.g3 f5 36.Ke3 Nge6 37.c3 f4+ 38.gxf4 exf4+ 39.Ke2 Be4 40.a5 g5 0-1

[Event "Deltalift Open 2012"]
[Site "Tylosand"]
[Date "2012.05.19"]
[Round "8.17"]
[White "Nilsson, Patrik"]
[Black "Moren, Bjorn"]
[Result "1-0"]
[WhiteElo "2055"]
[BlackElo "2206"]

1.e4 d5 2.exd5 Qxd5 3.Nc3 Qd6 4.d4 Nf6 5.Be2 c6 6.Nf3 Nbd7 7.O-O e6 8.b3 
Qc7 9.Bb2 Bd6 10.Bd3 O-O 11.Qe2 b6 12.Ne4 Nd5 13.Nxd6 Qxd6 14.g3 N5f6 15.
Ne5 Re8 16.c4 Nf8 17.Qe3 Bb7 18.c5 Qe7 19.Rac1 Nd5 20.Qe2 b5 21.f4 Ng6 22.
Rce1 a5 23.a3 Rad8 24.Qf2 Rf8 25.Qf3 f5 26.Qh5 Nxe5 27.Rxe5 g6 28.Qf3 Qf6 
29.Rfe1 Bc8 30.Bf1 Rfe8 31.Bg2 Re7 32.Qd3 Kf8 33.Qd2 Ra7 34.Bc3 a4 35.Ba5 
Re8 36.bxa4 bxa4 37.Bb6 Rb7 38.Qa5 Bd7 39.Qxa4 Nxb6 40.cxb6 Rxb6 41.Qa7 
Qd8 42.a4 Bc8 43.Qxh7 Qxd4+ 44.Kh1 Qxa4 45.Qxg6 Qc2 46.Qf6+ Kg8 47.Be4 Qf2
48.Bxf5 Rb5 49.Bg6 Rf8 50.Qe7 Rb7 51.Bh7+ Kh8 52.Qxf8+ Kxh7 53.Rh5+ Kg6 
54.Rg5+ Kh7 55.Qg8+ Kh6 56.Qg6# 1-0